[Event "27th Reggio Emilia it"]
[Site "Reggio Emilia ITA"]
[Date "1984.12.27"]
[Round "1"]
[White "Mokry, Karel"]
[Black "Lobron, Eric"]
[Result "1/2-1/2"]
[WhiteElo "2435"]
[BlackElo "2520"]
[EventDate "1984.12.27"]
[PlyCount "66"]

1.e4 c5 2.Nf3 e6 3.d4 cxd4 4.Nxd4 Nc6 5.Nb5 d6 6.c4 Nf6 7.N1c3 a6 8.Na3 
Be7 9.Be2 O-O 10.O-O b6 11.Be3 Bb7 12.Qb3 Nd7 13.Rac1 Nc5 14.Qc2 Bf6 15.
Rfd1 Nb4 16.Qd2 Bxc3 17.bxc3 Nxe4 18.Qb2 Nc6 19.f3 Nf6 20.Bxb6 Qe7 21.Nc2 
Rfc8 22.Qa3 Nd7 23.Bf2 Nc5 24.Rd2 Rd8 25.Rcd1 f6 26.Nd4 Ne5 27.Nb3 Nxb3 
28.axb3 Nf7 29.Bb6 Rdb8 30.Qa5 Bc6 31.b4 Rc8 32.Bf2 f5 33.c5 dxc5 1/2-1/2

[Event "27th Reggio Emilia it"]
[Site "Reggio Emilia ITA"]
[Date "1984.12.27"]
[Round "1"]
[White "Rogers, Ian"]
[Black "Hort, Vlastimil"]
[Result "1/2-1/2"]
[WhiteElo "2455"]
[BlackElo "2615"]
[EventDate "1984.12.27"]
[PlyCount "43"]

1.d4 Nf6 2.c4 e6 3.Nf3 d5 4.g3 dxc4 5.Bg2 Be7 6.O-O O-O 7.Qc2 a6 8.a4 Bd7 
9.Ne5 Bc6 10.Nxc6 Nxc6 11.e3 Na5 12.Nd2 c5 13.dxc5 Rc8 14.b4 cxb3 15.Nxb3 
Nxb3 16.Qxb3 Nd7 17.Ba3 Nxc5 18.Bxc5 Bxc5 19.Qxb7 a5 20.Rfd1 Qf6 21.Rac1 
Rb8 22.Qf3 1/2-1/2

[Event "27th Reggio Emilia it"]
[Site "Reggio Emilia ITA"]
[Date "1984.12.27"]
[Round "1"]
[White "Toth, Bela"]
[Black "Ivanovic, Bozidar"]
[Result "1-0"]
[WhiteElo "2395"]
[BlackElo "2525"]
[EventDate "1984.12.27"]
[PlyCount "103"]

1.d4 Nf6 2.c4 d6 3.Nc3 Nbd7 4.e4 e5 5.Nf3 Be7 6.Be2 O-O 7.O-O c6 8.Be3 Re8
9.Nd2 a6 10.a3 b5 11.Qc2 exd4 12.Bxd4 Ne5 13.Rad1 Bf8 14.h3 Ng6 15.Be3 Rb8
16.Rfe1 Bd7 17.b4 Qc8 18.Bf1 Nh5 19.Nb3 Nhf4 20.c5 dxc5 21.Nxc5 Bxc5 22.
Bxc5 Ne5 23.Re3 g5 24.Bd6 Rb7 25.Rg3 h6 26.Ne2 Kh7 27.Nd4 Nfg6 28.Rc3 Ra7 
29.Nf5 Re6 30.Bc5 Ra8 31.a4 Qg8 32.a5 Rf6 33.Ng3 Re6 34.Be2 Nf4 35.Bg4 
Nxg4 36.hxg4 Be8 37.Be3 Ng6 38.Bd4 Nf4 39.f3 Rd8 40.Be3 Rxd1+ 41.Qxd1 Qf8 
42.Bc5 Qh8 43.Rc2 Qf6 44.Nf5 Qe5 45.Bd4 Qb8 46.Rd2 Ng6 47.Qa1 Nh4 48.Bh8 
Rg6 49.Be5 Qa8 50.Qd4 Nxf5 51.gxf5 Rg8 52.Qb6 1-0

[Event "27th Reggio Emilia it"]
[Site "Reggio Emilia ITA"]
[Date "1984.12.27"]
[Round "2"]
[White "Garcia Palermo, Carlos Horacio"]
[Black "Rogers, Ian"]
[Result "0-1"]
[WhiteElo "2485"]
[BlackElo "2455"]
[EventDate "1984.12.27"]
[PlyCount "76"]

1.d4 Nf6 2.c4 e5 3.dxe5 Ng4 4.Bf4 Nc6 5.Nf3 Bb4+ 6.Nbd2 Qe7 7.e3 Ngxe5 8.
Nxe5 Nxe5 9.Be2 O-O 10.O-O Bxd2 11.Qxd2 d6 12.Rfd1 b6 13.b4 Bb7 14.c5 dxc5
15.bxc5 Ng6 16.Qd7 Qxd7 17.Rxd7 Nxf4 18.exf4 Rac8 19.Bc4 Bc6 20.Re7 b5 21.
Bb3 a5 22.a3 a4 23.Ba2 Rfd8 24.Bxf7+ Kf8 25.Rae1 Rd1 26.Rxd1 Kxe7 27.Ba2 
Rb8 28.Rd4 Rf8 29.Bb1 Rd8 30.Rxd8 Kxd8 31.Ba2 Kd7 32.f3 Bb7 33.Kf2 Kc6 34.
Bb1 Kxc5 35.Bxh7 b4 36.axb4+ Kxb4 37.Bg8 a3 38.f5 Ba6 0-1

[Event "27th Reggio Emilia it"]
[Site "Reggio Emilia ITA"]
[Date "1984.12.27"]
[Round "2"]
[White "Lobron, Eric"]
[Black "Kurajica, Bojan"]
[Result "1/2-1/2"]
[WhiteElo "2520"]
[BlackElo "2495"]
[EventDate "1984.12.27"]
[PlyCount "41"]

1.Nf3 Nf6 2.c4 b6 3.g3 Bb7 4.Bg2 c5 5.Nc3 g6 6.d3 Bg7 7.e4 O-O 8.O-O d6 9.
h3 Nc6 10.Be3 Rc8 11.Qd2 Ne8 12.b3 e5 13.Nh2 Nd4 14.Rae1 Nf6 15.g4 Ne6 16.
Ne2 Nd7 17.g5 f6 18.f4 exf4 19.Nxf4 Nxf4 20.Rxf4 Ne5 21.Ref1 1/2-1/2

[Event "27th Reggio Emilia it"]
[Site "Reggio Emilia ITA"]
[Date "1984.12.27"]
[Round "2"]
[White "Mokry, Karel"]
[Black "Timman, Jan"]
[Result "1/2-1/2"]
[WhiteElo "2435"]
[BlackElo "2610"]
[EventDate "1984.12.27"]
[PlyCount "100"]

1.e4 e6 2.d4 d5 3.Nc3 Bb4 4.Ne2 Nf6 5.e5 Nfd7 6.Qd3 O-O 7.a3 Be7 8.h4 c5 
9.Qg3 Kh8 10.Be3 Nc6 11.O-O-O cxd4 12.Bxd4 f6 13.exf6 Bxf6 14.Bxf6 Qxf6 
15.f4 Nb6 16.Qe1 Nc4 17.g3 b5 18.Ng1 Rb8 19.Bxc4 bxc4 20.Nf3 Rf7 21.Qe3 
Rfb7 22.Rxd5 Qe7 23.Rc5 Rxb2 24.Rd1 Bd7 25.Ne5 Nxe5 26.Qxe5 Ba4 27.Rc8+ 
Rxc8 28.Kxb2 Qb7+ 29.Kc1 Rb8 30.Rd2 Qb2+ 31.Kd1 Bxc2+ 32.Ke2 Rg8 33.Kf2 
Qc1 34.Qe1 Qxe1+ 35.Kxe1 Bd3 36.Rb2 h6 37.Rb7 g5 38.hxg5 hxg5 39.Rxa7 gxf4
40.gxf4 Rg2 41.Rc7 Rc2 42.Nb5 Re2+ 43.Kd1 Re4 44.a4 Rxf4 45.a5 Rf5 46.Rb7 
c3 47.Nxc3 Rxa5 48.Kd2 Bg6 49.Ke3 Rh5 50.Rc7 Kg8 1/2-1/2

[Event "27th Reggio Emilia it"]
[Site "Reggio Emilia ITA"]
[Date "1984.12.27"]
[Round "2"]
[White "Portisch, Lajos"]
[Black "Toth, Bela"]
[Result "1-0"]
[WhiteElo "2625"]
[BlackElo "2395"]
[EventDate "1984.12.27"]
[PlyCount "121"]

1.d4 Nf6 2.c4 e6 3.Nf3 d5 4.Nc3 Nbd7 5.e3 Be7 6.b3 O-O 7.Bd3 c5 8.O-O b6 
9.cxd5 exd5 10.Bb2 Bb7 11.Rc1 a6 12.Qe2 b5 13.dxc5 Nxc5 14.Bf5 Re8 15.Rfd1
Qb6 16.Qc2 Rad8 17.Ne2 Nfe4 18.Bd4 Qh6 19.b4 Ne6 20.Bxe6 Qxe6 21.Nf4 Qh6 
22.Qc7 Ba8 23.Ne5 Qd6 24.Nfd3 f6 25.Nf3 Qe6 26.Nc5 Bxc5 27.bxc5 Rc8 28.Qa5
Rc6 29.Ne1 Ng5 30.f3 Qe7 31.Nd3 Ne6 32.Re1 Qc7 33.Qc3 a5 34.a3 Qa7 35.Qb3 
Nc7 36.Nf4 Kh8 37.Nxd5 Nxd5 38.Qxd5 Rce6 39.Qb3 Bc6 40.e4 Qb7 41.Rb1 R6e7 
42.Qc3 Qc7 43.Bf2 Qd8 44.Bg3 Rb7 45.Red1 Rd7 46.Bd6 Qa8 47.h3 Ra7 48.Kh2 
Qc8 49.Rd2 Qe6 50.Rd4 h6 51.Bf4 Qf7 52.Rd6 Ra6 53.Qd2 Re6 54.Qa2 Re7 55.
Qe2 Re6 56.Rd8+ Re8 57.Rxe8+ Qxe8 58.a4 Ra7 59.axb5 Rb7 60.bxc6 Rxb1 61.c7
1-0

[Event "27th Reggio Emilia it"]
[Site "Reggio Emilia ITA"]
[Date "1984.12.29"]
[Round "3"]
[White "Adorjan, Andras"]
[Black "Garcia Palermo, Carlos Horacio"]
[Result "1/2-1/2"]
[WhiteElo "2570"]
[BlackElo "2485"]
[EventDate "1984.12.27"]
[PlyCount "33"]

1.c4 e5 2.Nc3 Nf6 3.Nf3 Nc6 4.g3 Bb4 5.Bg2 O-O 6.O-O e4 7.Ng5 Bxc3 8.dxc3 
Re8 9.Qc2 Qe7 10.Nh3 h6 11.Nf4 Qe5 12.Be3 g5 13.Bd4 Nxd4 14.cxd4 Qf5 15.
Nd5 Nxd5 16.cxd5 Qxd5 17.Qxc7 1/2-1/2

[Event "27th Reggio Emilia it"]
[Site "Reggio Emilia ITA"]
[Date "1984.12.29"]
[Round "3"]
[White "Kurajica, Bojan"]
[Black "Ivanovic, Bozidar"]
[Result "1/2-1/2"]
[WhiteElo "2495"]
[BlackElo "2525"]
[EventDate "1984.12.27"]
[PlyCount "42"]

1.e4 e5 2.Nf3 Nc6 3.Bb5 a6 4.Ba4 Nf6 5.O-O Be7 6.Re1 b5 7.Bb3 d6 8.c3 O-O 
9.h3 Nb8 10.d4 Nbd7 11.Nbd2 Bb7 12.Bc2 Re8 13.Nf1 Bf8 14.Ng3 g6 15.Bg5 h6 
16.Bd2 Bg7 17.a4 c5 18.d5 c4 19.Be3 Nc5 20.Ra3 Rb8 21.Qd2 Kh7 1/2-1/2

[Event "27th Reggio Emilia it"]
[Site "Reggio Emilia ITA"]
[Date "1984.12.29"]
[Round "3"]
[White "Rogers, Ian"]
[Black "Mokry, Karel"]
[Result "1/2-1/2"]
[WhiteElo "2455"]
[BlackElo "2435"]
[EventDate "1984.12.27"]
[PlyCount "102"]

1.d4 Nf6 2.c4 e6 3.g3 Bb4+ 4.Bd2 a5 5.Bg2 d5 6.Qc2 Nc6 7.Nf3 dxc4 8.Qxc4 
Qd5 9.Qd3 Qe4 10.Qxe4 Nxe4 11.e3 Bd7 12.O-O O-O 13.Nc3 Nxd2 14.Nxd2 Rfc8 
15.Rfc1 a4 16.a3 Be7 17.Nce4 Na5 18.Nc5 Bxc5 19.Rxc5 Ra7 20.Rac1 b6 21.
R5c3 Kf8 22.f4 Bb5 23.Kf2 Ke7 24.g4 f6 25.h4 c6 26.g5 Rd8 27.gxf6+ gxf6 
28.Ne4 Nb3 29.Rg1 f5 30.Bf1 Ra5 31.Rg7+ Kf8 32.Ng5 Kxg7 33.Nxe6+ Kf6 34.
Nxd8 Bxf1 35.Rxc6+ Ke7 36.Nb7 Ra7 37.Nd6 Kd7 38.d5 Ra5 39.e4 fxe4 40.Nxe4 
Rxd5 41.Rh6 Rd4 42.Rxh7+ Kd8 43.Rh8+ Ke7 44.Rh7+ Kd8 45.Rh8+ Ke7 46.Rh7+ 
Kf8 47.Ng5 Rxf4+ 48.Kg3 Rf6 49.Ra7 Bd3 50.Rxa4 Nc5 51.Rd4 Bb1 1/2-1/2

[Event "27th Reggio Emilia it"]
[Site "Reggio Emilia ITA"]
[Date "1984.12.29"]
[Round "3"]
[White "Timman, Jan"]
[Black "Lobron, Eric"]
[Result "1/2-1/2"]
[WhiteElo "2610"]
[BlackElo "2520"]
[EventDate "1984.12.27"]
[PlyCount "99"]

1.c4 Nf6 2.Nc3 c5 3.Nf3 e6 4.g3 Nc6 5.Bg2 d5 6.cxd5 Nxd5 7.O-O Be7 8.d4 
O-O 9.e4 Nxc3 10.bxc3 cxd4 11.cxd4 Bf6 12.Bb2 b6 13.Re1 Bb7 14.Rb1 Rc8 15.
h4 Na5 16.Nh2 Nc4 17.Ba1 Be7 18.Qg4 Re8 19.d5 Bf8 20.dxe6 Rxe6 21.Nf3 h6 
22.Nd4 Rg6 23.Qe2 Rc5 24.Rbd1 Qc8 25.h5 Rd6 26.f4 Ba6 27.Qf3 Bb7 28.Qe2 
Ba6 29.Qf2 Rxh5 30.Nf5 Rxd1 31.Rxd1 Nd6 32.Nxd6 Bxd6 33.e5 Bc5 34.Bd4 Qg4 
35.Qf3 Be2 36.Qxg4 Bxg4 37.Rd2 Bxd4+ 38.Rxd4 f6 39.Rd8+ Kf7 40.Bd5+ Ke7 
41.Rg8 fxe5 42.Rxg7+ Kd6 43.Bf7 Rf5 44.Rg6+ Ke7 45.Be6 exf4 46.gxf4 Rxf4 
47.Rxg4 Rxg4+ 48.Bxg4 Kd6 49.Kf2 Kc5 50.Kg3 1/2-1/2

[Event "27th Reggio Emilia it"]
[Site "Reggio Emilia ITA"]
[Date "1984.12.30"]
[Round "4"]
[White "Garcia Palermo, Carlos Horacio"]
[Black "Toth, Bela"]
[Result "1/2-1/2"]
[WhiteElo "2485"]
[BlackElo "2395"]
[EventDate "1984.12.27"]
[PlyCount "184"]

1.d4 Nf6 2.c4 e6 3.Nc3 Bb4 4.e3 b6 5.Bd3 Bb7 6.Nf3 O-O 7.O-O c5 8.Na4 cxd4
9.exd4 Qc7 10.a3 Be7 11.Nc3 d5 12.Nb5 Qd8 13.Bf4 dxc4 14.Bxc4 Nc6 15.Rc1 
Rc8 16.Bd3 Nd5 17.Bg3 a6 18.Nc3 Nxc3 19.bxc3 Bxa3 20.Ra1 Bd6 21.Bxd6 Qxd6 
22.Qb1 Ne7 23.Bxh7+ Kh8 24.Be4 Nd5 25.Qb2 b5 26.Ra3 Kg8 27.Re1 Rc7 28.Ne5 
Rfc8 29.Nd3 Ba8 30.Nc5 Ra7 31.Bxd5 Qxd5 32.f3 Rc6 33.Qb4 Qg5 34.Ne4 Qg6 
35.Qb2 Rc4 36.Nd6 Rcc7 37.Ne4 Qf5 38.Nc5 Qd5 39.Qa2 Qxa2 40.Rxa2 a5 41.Rb1
Bd5 42.Ra3 b4 43.cxb4 axb4 44.Rxa7 Rxa7 45.Rxb4 Ra1+ 46.Kf2 Ra2+ 47.Kg3 
Rd2 48.h4 Kh7 49.Ne4 Rd3 50.Nc5 Rd2 51.Kh3 g6 52.Ra4 Re2 53.Nd3 Rd2 54.Nf4
Bb3 55.Ra7 Kg8 56.Rd7 Bc4 57.Rd8+ Kg7 58.Rd7 Kf8 59.Kg3 Bf1 60.Kh2 Bb5 61.
Rb7 Ba6 62.Rb6 Rxd4 63.Nxe6+ fxe6 64.Rxa6 Kf7 65.Kh3 Kf6 66.Ra5 Rd2 67.g4 
Rd7 68.Kg3 Rb7 69.Ra4 Rd7 70.Kf4 Rc7 71.Ke4 Rb7 72.Rc4 Rd7 73.Ke3 Ra7 74.
Rf4+ Ke5 75.Re4+ Kf6 76.g5+ Kf7 77.Rf4+ Kg7 78.Rc4 Kf7 79.Ke4 Rb7 80.Ke5 
Rb5+ 81.Ke4 Rb7 82.Rd4 Ra7 83.Kf4 Rb7 84.Ke5 Rb5+ 85.Ke4 Rb7 86.f4 Ra7 87.
Rc4 Rb7 88.Rc5 Rd7 89.Ke5 Ke7 90.Rc8 Ra7 91.Rh8 Ra5+ 92.Ke4 Ra4+ 1/2-1/2

[Event "27th Reggio Emilia it"]
[Site "Reggio Emilia ITA"]
[Date "1984.12.30"]
[Round "4"]
[White "Hort, Vlastimil"]
[Black "Miles, Anthony"]
[Result "1/2-1/2"]
[WhiteElo "2615"]
[BlackElo "2565"]
[EventDate "1984.12.27"]
[PlyCount "26"]

1.e4 e5 2.Nf3 Nc6 3.Nc3 Nf6 4.d4 exd4 5.Nxd4 Bb4 6.Nxc6 bxc6 7.Bd3 d5 8.
exd5 cxd5 9.O-O O-O 10.Bg5 Be6 11.Qf3 Be7 12.h3 h6 13.Bh4 Rb8 1/2-1/2

[Event "27th Reggio Emilia it"]
[Site "Reggio Emilia ITA"]
[Date "1984.12.30"]
[Round "4"]
[White "Lobron, Eric"]
[Black "Ivanovic, Bozidar"]
[Result "1-0"]
[WhiteElo "2520"]
[BlackElo "2525"]
[EventDate "1984.12.27"]
[PlyCount "105"]

1.d4 c5 2.d5 e5 3.e4 d6 4.Nc3 Be7 5.f4 a6 6.fxe5 dxe5 7.a4 Nf6 8.Nf3 Bg4 
9.Be2 Bxf3 10.Bxf3 O-O 11.O-O Ne8 12.Be3 Nd7 13.Bg4 Ndf6 14.a5 Nd6 15.Ra4 
b5 16.axb6 Qxb6 17.b3 Qc7 18.Be2 Rfb8 19.Bd3 Rb4 20.Qf3 a5 21.Rfa1 Nd7 22.
Qe2 Nb6 23.Rxa5 Rxa5 24.Rxa5 c4 25.bxc4 Ndxc4 26.Bxc4 Nxc4 27.Ra7 Qd8 28.
Bf2 g6 29.h3 Kg7 30.Qg4 Nb6 31.Kh2 h5 32.Qf3 Nc8 33.Ra8 Bd6 34.Ra6 Rc4 35.
Qd3 Rd4 36.Qe2 Rb4 37.Nb5 Rb2 38.Qc4 Qf6 39.Be3 Rb1 40.Rc6 Re1 41.Qd3 Qd8 
42.Rxc8 Qxc8 43.Nxd6 Qa8 44.Qc3 Qa1 45.Qxa1 Rxa1 46.c4 Ra3 47.Bb6 f5 48.
exf5 gxf5 49.Nxf5+ Kf6 50.Ng3 h4 51.Bd8+ Kg6 52.Bxh4 Rc3 53.d6 1-0

[Event "27th Reggio Emilia it"]
[Site "Reggio Emilia ITA"]
[Date "1984.12.30"]
[Round "4"]
[White "Mokry, Karel"]
[Black "Adorjan, Andras"]
[Result "1/2-1/2"]
[WhiteElo "2435"]
[BlackElo "2570"]
[EventDate "1984.12.27"]
[PlyCount "36"]

1.e4 c5 2.Nf3 e6 3.d4 cxd4 4.Nxd4 Nf6 5.Nc3 d6 6.g4 h6 7.h4 Nc6 8.Rg1 h5 
9.gxh5 Nxh5 10.Bg5 Nf6 11.Qd2 Qb6 12.Nb3 Bd7 13.O-O-O a6 14.Qe2 Qc7 15.Rg3
Be7 16.Rgd3 O-O-O 17.Kb1 Kb8 18.f3 Ne5 1/2-1/2

[Event "27th Reggio Emilia it"]
[Site "Reggio Emilia ITA"]
[Date "1984.12.30"]
[Round "4"]
[White "Portisch, Lajos"]
[Black "Kurajica, Bojan"]
[Result "1-0"]
[WhiteElo "2625"]
[BlackElo "2495"]
[EventDate "1984.12.27"]
[PlyCount "142"]

1.d4 Nf6 2.c4 e6 3.Nf3 Bb4+ 4.Nbd2 d5 5.e3 O-O 6.a3 Be7 7.Bd3 c5 8.dxc5 a5
9.cxd5 Qxd5 10.Bc4 Qxc5 11.b3 b5 12.Be2 Bb7 13.Bb2 Na6 14.O-O Qd5 15.Qb1 
Rfc8 16.Rd1 Qc6 17.Bf1 Nc7 18.Ne5 Qe8 19.Bd4 Ncd5 20.Qb2 b4 21.axb4 axb4 
22.Nec4 Qd8 23.Be2 Ne8 24.Nf3 Rxa1 25.Qxa1 Ra8 26.Qb2 Bf6 27.Nfe5 Qc7 28.
h3 Nc3 29.Bxc3 bxc3 30.Qxc3 Bd5 31.f4 Rb8 32.Bf3 Rb5 33.Kf2 g6 34.Rc1 Bxf3
35.gxf3 Qb8 36.Rb1 Nd6 37.Qd3 Rd5 38.Qc2 Nf5 39.Rd1 Bh4+ 40.Kg2 Qd8 41.Rd3
Bf6 42.Nc6 Qa8 43.N6e5 Bxe5 44.Nxe5 Rxd3 45.Qxd3 Qa2+ 46.Kf1 Qa1+ 47.Ke2 
Qb2+ 48.Kd1 Kg7 49.Nc4 Qa1+ 50.Kc2 Qa2+ 51.Nb2 Qa7 52.Qc3+ Kh6 53.Nc4 Kh5 
54.e4 Qf2+ 55.Qd2 Nd4+ 56.Kd3 Qxd2+ 57.Nxd2 Nc6 58.Nc4 Kh4 59.Ne5 Nd8 60.
Ke3 Kxh3 61.Kf2 f5 62.b4 Kh4 63.b5 g5 64.Nc6 Nb7 65.e5 Nc5 66.Nd4 Nd3+ 67.
Ke3 Nxf4 68.Nxe6 Nxe6 69.b6 g4 70.b7 g3 71.b8=Q f4+ 1-0

[Event "27th Reggio Emilia it"]
[Site "Reggio Emilia ITA"]
[Date "1984.12.31"]
[Round "5"]
[White "Ivanovic, Bozidar"]
[Black "Portisch, Lajos"]
[Result "1/2-1/2"]
[WhiteElo "2525"]
[BlackElo "2625"]
[EventDate "1984.12.27"]
[PlyCount "42"]

1.e4 e5 2.Nf3 Nc6 3.Bc4 Bc5 4.Nc3 Nf6 5.d3 d6 6.Bg5 Na5 7.Nd5 Nxc4 8.dxc4 
c6 9.Nxf6+ gxf6 10.Bh4 Rg8 11.O-O Bh3 12.Bg3 Be6 13.Qe2 a6 14.Rfd1 b5 15.
cxb5 axb5 16.a3 Qe7 17.Kh1 Rd8 18.Nh4 Bg4 19.f3 Be6 20.Qe1 Qa7 21.Rd3 Ke7 
1/2-1/2

[Event "27th Reggio Emilia it"]
[Site "Reggio Emilia ITA"]
[Date "1984.12.31"]
[Round "5"]
[White "Miles, Anthony"]
[Black "Garcia Palermo, Carlos Horacio"]
[Result "1-0"]
[WhiteElo "2565"]
[BlackElo "2485"]
[EventDate "1984.12.27"]
[PlyCount "99"]

1.c4 e5 2.Nc3 Nf6 3.Nf3 Nc6 4.g3 Bc5 5.Bg2 d6 6.O-O O-O 7.d3 h6 8.a3 a6 9.
b4 Ba7 10.Bb2 Be6 11.Rc1 Qd7 12.Nd2 Nh7 13.Nd5 Nd8 14.e3 c6 15.Nc3 Bh3 16.
Bxh3 Qxh3 17.Nce4 Qd7 18.c5 dxc5 19.bxc5 Qxd3 20.Bxe5 Re8 21.Rc4 Qd5 22.
Ba1 Ne6 23.Qc2 Red8 24.Nb3 f5 25.Ned2 Rd7 26.h4 Rf8 27.Rc1 Nf6 28.Nd4 Ng4 
29.N2f3 Bb8 30.Rb4 Rff7 31.Qc4 Nxd4 32.Nxd4 Nxe3 33.fxe3 Qe5 34.Ne2 Qxe3+ 
35.Kg2 Rd2 36.Rb2 Qxg3+ 37.Kf1 Qh3+ 38.Ke1 Rd5 39.Rb3 Qh1+ 40.Kf2 Qh2+ 41.
Kf1 f4 42.Rf3 Qh1+ 43.Ng1 Rd2 44.Bd4 Qg2+ 45.Ke1 Kf8 46.Ne2 Qxf3 47.Kxd2 
Rd7 48.Rc3 Qe4 49.Rd3 Rd5 50.Bxg7+ 1-0

[Event "27th Reggio Emilia it"]
[Site "Reggio Emilia ITA"]
[Date "1984.12.31"]
[Round "5"]
[White "Rogers, Ian"]
[Black "Lobron, Eric"]
[Result "1/2-1/2"]
[WhiteElo "2455"]
[BlackElo "2520"]
[EventDate "1984.12.27"]
[PlyCount "233"]

1.e4 c5 2.Nf3 e6 3.b3 a6 4.Bb2 Nc6 5.c4 d6 6.d4 cxd4 7.Nxd4 Bd7 8.Nd2 Nf6 
9.Bd3 Be7 10.O-O O-O 11.Kh1 Nxd4 12.Bxd4 Qa5 13.a3 Rfd8 14.b4 Qc7 15.Qe2 
Be8 16.Rfc1 Rac8 17.h3 Nd7 18.Qe3 Qb8 19.Be2 Rc7 20.a4 b6 21.Rcb1 Rb7 22.
Qc3 Bf6 23.Bxf6 Nxf6 24.Bf3 Rc7 25.Qe3 Rcc8 26.Be2 Rc7 27.Kg1 h6 28.Kh1 
Rb7 29.Bf3 e5 30.Rb2 Qc7 31.a5 bxa5 32.Qc3 axb4 33.Rxb4 Rxb4 34.Qxb4 Rb8 
35.Qc3 Rb6 36.Bd1 Bd7 37.Ra5 Be6 38.Qa3 Qb7 39.c5 dxc5 40.Qxc5 Rb2 41.Qc3 
Qb4 42.Qxb4 Rxb4 43.Bg4 Bxg4 44.hxg4 Rb2 45.Nc4 Rxf2 46.Nxe5 Nxe4 47.Rxa6 
Rf4 48.Kh2 f6 49.Ra8+ Kh7 50.Rh8+ Kxh8 51.Ng6+ Kg8 52.Nxf4 Kf7 53.Kh3 Ke7 
54.Nh5 g6 55.Nf4 g5 56.Nd3 Kd6 57.Nb4 Ke5 58.Nd3+ Ke6 59.Nb4 Kd6 60.Nd3 
Nc5 61.Nb4 Ne6 62.Kg3 Nd4 63.Na2 Ke6 64.Nc3 Ke5 65.Na4 Nb3 66.Nb6 Nc5 67.
Nc4+ Kd4 68.Nb6 Ke4 69.Nc4 Kd3 70.Nb6 Ke4 71.Nc4 Kd3 72.Nb6 Kd4 73.Kf3 Nd3
74.Kg3 Ne5 75.Nc8 Nc6 76.Nd6 Ne7 77.Nf7 Ng8 78.Kf3 Kd5 79.Nd8 Ke5 80.Nf7+ 
Ke6 81.Nd8+ Kd7 82.Nb7 Kc7 83.Nc5 Kc6 84.Ne6 Kd6 85.Nd8 Kc7 86.Ne6+ Kd7 
87.Nc5+ Ke7 88.Nb7 Kf7 89.Nd6+ Kg6 90.Nc8 h5 91.gxh5+ Kxh5 92.Kg3 Kg6 93.
Kf3 Kf5 94.Nd6+ Ke6 95.Nb5 Nh6 96.Nd4+ Kd5 97.Nb5 Nf5 98.Nc7+ Ke5 99.Kf2 
Nd4 100.Na6 Kf4 101.Nc5 Nc6 102.Nd7 f5 103.Nf6 Nd8 104.Nd5+ Ke5 105.Nb6 
Ke4 106.Nd7 Nf7 107.Nc5+ Kd5 108.Na6 Ne5 109.Ke3 f4+ 110.Kf2 g4 111.Nc7+ 
Ke4 112.Ne6 Nd3+ 113.Ke2 Nc1+ 114.Kf2 Nd3+ 115.Ke2 Nc1+ 116.Kf2 Na2 117.g3
1/2-1/2

[Event "27th Reggio Emilia it"]
[Site "Reggio Emilia ITA"]
[Date "1984.12.31"]
[Round "5"]
[White "Toth, Bela"]
[Black "Mokry, Karel"]
[Result "1/2-1/2"]
[WhiteElo "2395"]
[BlackElo "2435"]
[EventDate "1984.12.27"]
[PlyCount "101"]

1.d4 d5 2.c4 c6 3.Nc3 Nf6 4.e3 g6 5.Nf3 Bg7 6.Be2 O-O 7.O-O Bg4 8.cxd5 
Nxd5 9.h3 Bxf3 10.Bxf3 e6 11.Bd2 Nd7 12.Rc1 Re8 13.Qc2 Nxc3 14.Bxc3 Nb6 
15.Rfd1 Qe7 16.Qb3 Nd5 17.Be1 Rad8 18.a3 Rd7 19.Qa4 a6 20.Ba5 Qg5 21.Be1 
Qd8 22.Qb3 Ne7 23.g3 Nf5 24.Bg2 h5 25.h4 g5 26.hxg5 Qxg5 27.Bh3 Nh4 28.Rc5
Qg6 29.Qd3 Nf3+ 30.Kf1 f5 31.Qc4 Kh8 32.Qe2 Ng5 33.Bg2 Nh7 34.Rcc1 Nf6 35.
Bc3 Ne4 36.Bf3 Nf6 37.Kg2 Kg8 38.Rh1 Ng4 39.Rh3 Bf6 40.Rch1 Rh7 41.Kf1 
Ree7 42.Bb4 Rd7 43.Qc2 Qe8 44.Ke2 Bg5 45.Qc4 Qg6 46.Qc5 Qf7 47.Bxg4 fxg4 
48.Qxg5+ Rg7 49.Rxh5 Qf3+ 50.Kd3 Rxg5 51.Rxg5+ 1/2-1/2

[Event "27th Reggio Emilia it"]
[Site "Reggio Emilia ITA"]
[Date "1985.01.01"]
[Round "6"]
[White "Garcia Palermo, Carlos Horacio"]
[Black "Kurajica, Bojan"]
[Result "0-1"]
[WhiteElo "2520"]
[BlackElo "2535"]
[EventDate "1984.12.27"]
[PlyCount "58"]

1.d4 Nf6 2.c4 e6 3.g3 d5 4.Nf3 Bb4+ 5.Bd2 Be7 6.Bg2 c6 7.Qb3 b6 8.Bb4 dxc4
9.Qxc4 Qd5 10.Qc3 Ne4 11.Bxe7 Nxc3 12.Nxc3 Qd7 13.Ba3 f6 14.O-O Bb7 15.
Rfd1 Na6 16.Ne4 O-O-O 17.Nd6+ Kb8 18.e4 c5 19.e5 Bd5 20.dxc5 Nxc5 21.b4 
Qa4 22.bxc5 Qxa3 23.Nd4 fxe5 24.N4b5 Qxc5 25.Rac1 Qb4 26.Bxd5 exd5 27.Rc6 
d4 28.a3 Qb3 29.Rdc1 Qd5 0-1

[Event "27th Reggio Emilia it"]
[Site "Reggio Emilia ITA"]
[Date "1985.01.01"]
[Round "6"]
[White "Hort, Vlastimil"]
[Black "Ivanovic, Bozidar"]
[Result "1-0"]
[WhiteElo "2560"]
[BlackElo "2515"]
[EventDate "1984.12.27"]
[PlyCount "107"]

1.d4 Nf6 2.c4 e6 3.Nc3 c5 4.d5 exd5 5.cxd5 d6 6.e4 g6 7.f4 Bg7 8.Bb5+ Nfd7
9.Be2 O-O 10.Nf3 Nb6 11.h3 N8d7 12.a4 Nf6 13.O-O Re8 14.Bd3 Rb8 15.Re1 a6 
16.Be3 Na8 17.Bc2 Nb6 18.Nd2 Qc7 19.Qf3 Nbd7 20.Bd3 b6 21.Rac1 Ra8 22.Bf2 
Qb8 23.Kh1 Nh5 24.g4 Nhf6 25.Bg3 h5 26.g5 Nh7 27.Qf1 Rf8 28.Nf3 Re8 29.Rc2
Qc7 30.Bc4 b5 31.axb5 Nb6 32.b3 Nxc4 33.bxc4 Bxc3 34.Rxc3 axb5 35.cxb5 Ra4
36.Nd2 Bd7 37.Rb1 Rb8 38.Qd3 Qd8 39.Bf2 f5 40.gxf6 Qxf6 41.Rg1 Bxb5 42.Qg3
Be8 43.Nc4 Kh8 44.e5 dxe5 45.fxe5 Qg7 46.Nd6 h4 47.Qe3 Rd4 48.Rxc5 Rdb4 
49.e6 Rb3 50.Qd4 Nf6 51.Nxe8 Rxe8 52.Kh2 Ra8 53.e7 Rf3 54.d6 1-0

[Event "27th Reggio Emilia it"]
[Site "Reggio Emilia ITA"]
[Date "1985.01.01"]
[Round "6"]
[White "Mokry, Karel"]
[Black "Miles, Anthony"]
[Result "1/2-1/2"]
[WhiteElo "2490"]
[BlackElo "2570"]
[EventDate "1984.12.27"]
[PlyCount "134"]

1.e4 c5 2.Nf3 d6 3.d4 cxd4 4.Nxd4 Nf6 5.Nc3 g6 6.g3 Nc6 7.Nde2 b6 8.Bg2 
Ba6 9.h3 Bg7 10.O-O Rc8 11.Re1 O-O 12.a4 Nd7 13.Nb5 Bb7 14.Rb1 a6 15.Na3 
Nc5 16.b3 Na7 17.Nf4 b5 18.axb5 axb5 19.Bd2 Bc6 20.c3 Bd7 21.Nc2 Nc6 22.
Nd5 Ra8 23.Ncb4 e6 24.Nxc6 Bxc6 25.Nb4 Bb7 26.Qc1 Qc7 27.Qc2 Ra3 28.Bc1 
Ra5 29.Bb2 Rc8 30.Ra1 Nd7 31.Rxa5 Qxa5 32.Qd2 Qb6 33.Rd1 Bf8 34.Qd4 Nc5 
35.Nd3 Bg7 36.Qe3 Qc6 37.Nxc5 dxc5 38.Rd2 c4 39.bxc4 bxc4 40.Ba3 h5 41.Bb4
Ra8 42.f4 e5 43.Rd6 Qc8 44.Rd2 Ra1+ 45.Kh2 h4 46.Bd6 Qe6 47.Bxe5 Bxe5 48.
fxe5 Qxe5 49.Rd4 Ra2 50.Qf4 hxg3+ 51.Qxg3 Qe6 52.Rd8+ Kg7 53.Qh4 Qe5+ 54.
Kg1 Ra1+ 55.Bf1 Qc5+ 56.Kh2 Ra2+ 57.Bg2 Qh5 58.Qe7 Rxg2+ 59.Kxg2 Qe2+ 60.
Kg3 Qe3+ 61.Kh2 Qf4+ 62.Kg1 Qg3+ 63.Kf1 Qf3+ 64.Kg1 Bxe4 65.Qf8+ Kf6 66.
Qd6+ Kg7 67.Qf8+ Kf6 1/2-1/2

[Event "27th Reggio Emilia it"]
[Site "Reggio Emilia ITA"]
[Date "1985.01.01"]
[Round "6"]
[White "Rogers, Ian"]
[Black "Adorjan, Andras"]
[Result "0-1"]
[WhiteElo "2485"]
[BlackElo "2565"]
[EventDate "1984.12.27"]
[PlyCount "100"]

1.e4 c5 2.Nf3 e6 3.c3 d5 4.exd5 Qxd5 5.d4 Nf6 6.Bd3 Be7 7.O-O O-O 8.Re1 
Nc6 9.c4 Qd7 10.dxc5 Rd8 11.Bc2 Nb4 12.Qe2 Qc7 13.Nc3 Nxc2 14.Qxc2 Qxc5 
15.b3 b6 16.a4 Qh5 17.Ne2 Bb7 18.Nf4 Qc5 19.Ba3 Qc7 20.Bxe7 Qxe7 21.Ne5 
Qc7 22.Re3 Rd4 23.Ne2 Re4 24.Rxe4 Nxe4 25.Nf3 Rd8 26.Rd1 h6 27.h3 a5 28.
Rd4 Rxd4 29.Nexd4 Qf4 30.Qb2 Nc5 31.Qd2 Qe4 32.Qc3 Kh7 33.Qb2 f6 34.Ne2 
Qd3 35.Ne1 Qxb3 36.Qxb3 Nxb3 37.Nf4 Bc8 38.Ned3 Bd7 39.g4 g5 40.Nh5 Kg6 
41.f4 Bxa4 42.Ng3 Bc6 43.f5+ Kf7 44.Kf2 Nc5 45.Ke3 Nxd3 46.Kxd3 Bg2 47.
fxe6+ Kxe6 48.Nf5 Bxh3 49.Nxh6 Ke5 50.Nf7+ Kf4 0-1

[Event "27th Reggio Emilia it"]
[Site "Reggio Emilia ITA"]
[Date "1985.01.02"]
[Round "7"]
[White "Adorjan, Andras"]
[Black "Lobron, Eric"]
[Result "1-0"]
[WhiteElo "2565"]
[BlackElo "2505"]
[EventDate "1984.12.27"]
[PlyCount "65"]

1.c4 e6 2.Nc3 d5 3.d4 Be7 4.cxd5 exd5 5.Bf4 c6 6.e3 Bf5 7.Nge2 Nd7 8.Ng3 
Be6 9.Nh5 Kf8 10.Bg3 Qb6 11.Rb1 Bf5 12.Bd3 Bxd3 13.Qxd3 g6 14.Nf4 a5 15.
O-O Qa6 16.Qd2 Kg7 17.f3 h5 18.e4 dxe4 19.Nxe4 Rd8 20.d5 Ndf6 21.d6 h4 22.
Bf2 Nxe4 23.fxe4 Rxd6 24.Bd4+ Rxd4 25.Qxd4+ Nf6 26.e5 Nh7 27.Qd7 Bc5+ 28.
Kh1 Ng5 29.Ne6+ Nxe6 30.Qxf7+ Kh6 31.Qxe6 Qd3 32.Rbc1 Rd8 33.Qf6 1-0

[Event "27th Reggio Emilia it"]
[Site "Reggio Emilia ITA"]
[Date "1985.01.02"]
[Round "7"]
[White "Ivanovic, Bozidar"]
[Black "Garcia Palermo, Carlos Horacio"]
[Result "1-0"]
[WhiteElo "2515"]
[BlackElo "2520"]
[EventDate "1984.12.27"]
[PlyCount "79"]

1.e4 c6 2.d4 d5 3.Nd2 dxe4 4.Nxe4 Bf5 5.Ng3 Bg6 6.h4 h6 7.Nf3 Nd7 8.h5 Bh7
9.Bd3 Bxd3 10.Qxd3 Qc7 11.Bd2 e6 12.O-O-O Ngf6 13.Qe2 Bd6 14.Nf5 Bf4 15.
Bxf4 Qxf4+ 16.Ne3 O-O-O 17.Kb1 Rhe8 18.Nc4 Qc7 19.Nfe5 Re7 20.Qf3 Nb6 21.
Nxb6+ Qxb6 22.Qa3 Rc7 23.Nc4 Qa6 24.Nd6+ Kb8 25.Qg3 Qe2 26.Qxg7 Nxh5 27.
Qxh6 Rcd7 28.Rde1 Qg4 29.Nc4 Qxd4 30.Ne5 Rd5 31.Rxh5 Qxf2 32.Rhh1 Rd2 33.
Rc1 Qf5 34.Qh2 Kc8 35.Nc4 R2d4 36.b3 b5 37.Rhf1 Qd5 38.Rxf7 e5 39.Qh7 c5 
40.Rxa7 1-0